000 00608nam a22001937a 4500
005 20180417153534.0
010 _aENG-122754
020 _a9789381539996
_c300.00
035 _aEN-106286
037 _bDBAD/PUB
082 _a792.8095433
100 _aManikandan, T.V.
245 _aMusic of krishnanattam :
_cby T.V. Manikandan
_b(A leading dance drama of kerala) /
260 _aDelhi
_bManish Prakashan
_c2016
270 _aPlot No.-26, Rohit Nagar Colony, B.H.U. Varanasi-5
_bVaranasi
_e5
_k0542-2310682
300 _a88p.
_c20cm.(Hb)
_bill.
500 _aIt include bibliography
942 _2ddc
_cEN
_mMAN
999 _c151315
_d151315